000 01500nam0a2200241 4500
001 RU\NLR\BIBL_A\022739367
005 20260308044822.0
035 _a(NLR Aleph) 022739367
090 _a13556836
_c13556836
100 _a20260227d1974 u y0rusy50 ca
101 0 _aaze
102 _aAZ
105 _ay z 000 y
181 0 _ai
_baxxe
182 0 _an
200 1 _aҺәр шеj халгын рифаһы үчүн, совет адамы үчүн
_eСов.ИКП МК-нын баш катиби Л. И. Брежнев jолдашын 1974-ҹү ил иjунун 14-дә Москва шәһәри Бауман сечки даирәсинин сечиҹиләри гаршысында нитгини өjрәнмәк үчүн методик төвсиjәләр
_fАзКП МК С. М. Киров адына республика сиjаси маариф еви
_gред. В. Мәммәдов
203 _aТекст
_bвизуальный
_cнепосредственный
210 _aБакы
_cАзәрнәшр
_d1974
215 _a38, [1] с.
_d20
541 1 _aВсе для блага народа, во имя советского человека
_eМетод. разработки для изучения речи Генерального секретаря ЦК КПСС тов. Л. И. Брежнева перед избирателями Бауманского избирательного округа г. Москвы 14 июня 1974 г.
_zrus
942 _cUNSPEC
980 _aNB